000 00335nam a2200133 i 4500
001 bg
100 1 _aKOSYRZ, Zdzisław
245 0 _aWychowanie patriotyczne młodzieży akademickiej /
_cZdzisław Kosyrz.
260 _aWarszawa,
_c1985.
040 _cBPK
041 _apol
942 _cKS
008 s pl f |000 0 pol
999 _c28155
_d28155
856 _uhttp://koha.tu.koszalin.pl/cgi-bin/koha/opac-detail.pl?biblionumber=28155
_yKatalog online BPK